00369nam a2200121Ia 4500008004100000020001800041082001700059100002400076245006800100260004100168300001500209650002300224240111s9999 xx 000 0 und d a9780077835439 a658.5bSCH-O aSchroeder, Roger G. 0aOperations Management in the Supply Chain : Decisions and Cases bMcGraw-Hill EducationaDubuquec2018 axxi, 501p, aManagement Science